<?xml version="1.0" encoding="UTF-8"?><?xml-stylesheet type="text/xsl" href="static/style.xsl"?><OAI-PMH xmlns="http://www.openarchives.org/OAI/2.0/" xmlns:xsi="http://www.w3.org/2001/XMLSchema-instance" xsi:schemaLocation="http://www.openarchives.org/OAI/2.0/ http://www.openarchives.org/OAI/2.0/OAI-PMH.xsd"><responseDate>2026-04-27T21:45:03Z</responseDate><request verb="GetRecord" identifier="oai:uvadoc.uva.es:10324/32258" metadataPrefix="marc">https://uvadoc.uva.es/oai/request</request><GetRecord><record><header><identifier>oai:uvadoc.uva.es:10324/32258</identifier><datestamp>2021-09-14T09:03:30Z</datestamp><setSpec>com_10324_38</setSpec><setSpec>col_10324_852</setSpec></header><metadata><record xmlns="http://www.loc.gov/MARC21/slim" xmlns:doc="http://www.lyncode.com/xoai" xmlns:xsi="http://www.w3.org/2001/XMLSchema-instance" xmlns:dcterms="http://purl.org/dc/terms/" xsi:schemaLocation="http://www.loc.gov/MARC21/slim http://www.loc.gov/standards/marcxml/schema/MARC21slim.xsd">
<leader>00925njm 22002777a 4500</leader>
<datafield tag="042" ind1=" " ind2=" ">
<subfield code="a">dc</subfield>
</datafield>
<datafield tag="720" ind1=" " ind2=" ">
<subfield code="a">Ruiz Fernández, Jorge</subfield>
<subfield code="e">author</subfield>
</datafield>
<datafield tag="260" ind1=" " ind2=" ">
<subfield code="c">2018</subfield>
</datafield>
<datafield tag="520" ind1=" " ind2=" ">
<subfield code="a">Este proyecto estudia la influencia de los tratamientos térmicos en las&#xd;
diferentes características de los productos finales obtenidos tanto por los&#xd;
procesos de forja y laminación, partiendo del lingote obtenido en la acería.&#xd;
Para ello se realizan diferentes ensayos, utilizando probetas del material, en&#xd;
el laboratorio para ver la influencia de los tratamientos térmicos realizados y&#xd;
comprobar si el producto final cumple o no con las especificaciones del&#xd;
cliente. También se realiza una comparación entre el proceso actual y el&#xd;
anterior para ver los cambios que se producen en las características&#xd;
mecánicas del material, al modificar el tratamiento térmico.</subfield>
</datafield>
<datafield tag="024" ind2=" " ind1="8">
<subfield code="a">http://uvadoc.uva.es/handle/10324/32258</subfield>
</datafield>
<datafield ind1=" " ind2=" " tag="653">
<subfield code="a">Acero - Tratamiento térmico</subfield>
</datafield>
<datafield ind1=" " ind2=" " tag="653">
<subfield code="a">Acero de construcción</subfield>
</datafield>
<datafield tag="245" ind1="0" ind2="0">
<subfield code="a">Tratamientos térmicos para productos forjados y laminados</subfield>
</datafield>
</record></metadata></record></GetRecord></OAI-PMH>